000 00707nam a22002172 4500
001 0000023798
005 20151217152249.0
008 130326s xx 000 0 eng d
020 _a0821359126 :
040 _aKABU
_cKABU
245 1 0 _aResponsible growth for the new millennium :
_bintegrating society, ecology, and the economy.
250 _a1st ed.
260 _aWashington, D. C. :
_bWorld Bank,
_c2004.
300 _axiii, 177 p.
650 0 _aEconomic development.
_@0000150073
650 0 _aEconomic development
_xEnvironmental aspects.
_@0000150122
710 2 _aWorld Bank.
_@0000150142
852 1 _9p1500 KES
908 _a130326
950 _@1
999 _c9979
_d9979